[Event "JUG-chT"]
[Site "Niksic"]
[Date "1997.??.??"]
[Round "4"]
[White "Velimirovic, Dragoljub"]
[Black "Cabrilo, Goran"]
[Result "1/2-1/2"]
[WhiteElo "2515"]
[BlackElo "2485"]

1.e4 c5 2.Nf3 e6 3.d4 cxd4 4.Nxd4 Nc6 5.Nc3 a6 6.Be2 d6 7.Be3 Nf6 8.O-O Be7
9.f4 O-O 10.Qe1 Nxd4 11.Bxd4 b5 12.Rd1 Bb7 13.Bf3 Qc7 14.e5 dxe5 15.fxe5 Nd7
16.Bxb7 Qxb7 17.Ne4 Rad8 18.Rd3 Qc6 19.Qe3 f5 20.exf6 Nxf6 21.Bxf6 Rxd3 22.Qxd3 Bxf6
23.c3 Qb6+ 24.Kh1 Be7 25.Rxf8+ Kxf8 26.g3 Ke8 27.Kg2 Qa5 28.a3 Qa4 29.Nf2 g6
30.Qe4 Qxe4+ 31.Nxe4 Kd7 32.Kf3 Kc6 33.Ke3 Kd5 34.Kd3 e5 35.g4 h6 36.b4 h5
37.h3 hxg4 38.hxg4 Bf8 39.Nf6+ Ke6 40.Ne4 Kd5 41.Nf6+ Ke6 42.Ne4  1/2-1/2

[Event "JUG-ch52"]
[Site "Niksic"]
[Date "1997.??.??"]
[Round "4"]
[White "Pikula, Dejan"]
[Black "Damljanovic, Branko"]
[Result "1-0"]
[WhiteElo "2495"]
[BlackElo "2540"]

1.e4 c5 2.Nf3 Nc6 3.d4 cxd4 4.Nxd4 e6 5.Nc3 Qc7 6.Be3 a6 7.Bd3 Nf6 8.O-O Ne5
9.h3 Bc5 10.Kh1 d6 11.f4 Ng6 12.Qe1 O-O 13.a3 e5 14.fxe5 dxe5 15.Nf5 Bxe3
16.Qxe3 Be6 17.Qg5 Bxf5 18.Rxf5 Rae8 19.Raf1 Re6 20.Nd5 Nxd5 21.exd5 Ree8
22.Be4 Nf4 23.Qh4 g6 24.d6 Qxd6 25.Qh6 Qe7 26.R1xf4 exf4 27.Rh5 f5 28.Bd5+ Kh8
29.Qxg6 Qe1+ 30.Kh2 Qg3+ 31.Qxg3 fxg3+ 32.Kxg3 b5 33.Rh6 f4+ 34.Kf3 Re3+
35.Kf2 Re5 36.Rd6 a5 37.Rd7 Rfe8 38.Kf3 Re2 39.Kxf4 Rxc2 40.Kg5 Rd2 41.Kh6 Rxd5
42.Rxd5 Re6+ 43.Kh5 Re2 44.Rxb5 Rxg2 45.a4 Kg7 46.Rg5+  1-0

[Event "JUG-chT"]
[Site "Niksic"]
[Date "1997.??.??"]
[Round "5"]
[White "Brajovic, Radovan"]
[Black "Mackic, Zoran"]
[Result "1/2-1/2"]
[WhiteElo "2355"]
[BlackElo "2430"]

1.e4 c5 2.Nf3 e6 3.d4 cxd4 4.Nxd4 Nc6 5.Nc3 Qc7 6.Be2 a6 7.O-O Nf6 8.Kh1 Bb4
9.Bg5 Bxc3 10.Bxf6 gxf6 11.bxc3 Ne7 12.Qd2 d5  1/2-1/2

[Event "JUG-chT"]
[Site "Niksic"]
[Date "1997.??.??"]
[Round "6"]
[White "Vujadinovic, Goran"]
[Black "Ristic, Nebojsa"]
[Result "1/2-1/2"]
[WhiteElo "2390"]
[BlackElo "2440"]

1.e4 c5 2.Nf3 e6 3.Nc3 Nc6 4.d4 cxd4 5.Nxd4 Qc7 6.Be2 g6 7.O-O Nf6 8.Be3 Be7
9.f4 d6 10.a4 O-O 11.Kh1 Bd7 12.Nb3  1/2-1/2

[Event "JUG-chT"]
[Site "Niksic"]
[Date "1997.??.??"]
[Round "7"]
[White "Damjanovic, Vladimir"]
[Black "Paunovic, Dragan"]
[Result "1/2-1/2"]
[WhiteElo "2425"]
[BlackElo "2470"]

1.e4 c5 2.Nf3 Nc6 3.d4 cxd4 4.Nxd4 e6 5.Nc3 Qc7 6.Be2 a6 7.O-O Nf6 8.Be3 Be7
9.f4 d6 10.Qe1 O-O 11.Rd1 Nxd4 12.Bxd4 b5 13.e5 dxe5 14.fxe5 Nd7 15.Ne4 Bb7
16.Nf6+ Nxf6 17.exf6 Bc5 18.Qf2 Bxd4 19.Rxd4 Rfd8 20.Rg4 g6 21.Bd3 Rd5 22.Qh4 Qc5+
23.Kh1 Rh5 24.Qg3 Qe5 25.Qxe5 Rxe5 26.a4  1/2-1/2

[Event "JUG-ch52"]
[Site "Niksic"]
[Date "1997.??.??"]
[Round "8"]
[White "Kovacevic, Aleksandar"]
[Black "Pikula, Dejan"]
[Result "1-0"]
[WhiteElo "2485"]
[BlackElo "2495"]

1.e4 c5 2.Nf3 e6 3.d4 cxd4 4.Nxd4 Nc6 5.Nc3 a6 6.Be2 Qc7 7.O-O Nf6 8.Be3 Be7
9.f4 d6 10.Kh1 O-O 11.Qe1 Nxd4 12.Bxd4 b5 13.a3 Bb7 14.Qg3 Bc6 15.Rae1 Qb7
16.Bd3 b4 17.Nd1 g6 18.Nf2 bxa3 19.bxa3 Rac8 20.Bxf6 Bxf6 21.Ng4 Qe7 22.f5 e5
23.Nxf6+ Qxf6 24.Bxa6 Ra8 25.Bc4 g5 26.Qd3 Ra4 27.Rb1 Rc8 28.Rb4 Ra5 29.Rd1 Kg7
30.h3 h5 31.Bb3 Rd8 32.Rb6 Rc5 33.Qf3 g4 34.Qe3 Kh7 35.Rb4 Rg8 36.Bxf7 Rg5
37.Rxd6 Qxd6 38.Qxg5 gxh3 39.Bg6+ Kg7 40.Bxh5+ Kf8 41.Rb8+  1-0

[Event "JUG-chT"]
[Site "Niksic"]
[Date "1997.??.??"]
[Round "9"]
[White "Brenjo, Slavisa"]
[Black "Paunovic, Dragan"]
[Result "1/2-1/2"]
[WhiteElo "2465"]
[BlackElo "2470"]

1.e4 c5 2.Nf3 e6 3.d4 cxd4 4.Nxd4 Nc6 5.Nc3 Qc7 6.f4 a6 7.Be3 b5 8.Be2 Bb7
9.O-O Rc8 10.a3 Nxd4 11.Qxd4 Nf6 12.e5 Nd5 13.Nxd5 Bxd5 14.a4 Bc5 15.Qxc5 Qxc5
16.Bxc5 Rxc5 17.axb5 axb5 18.c3 Ke7 19.Ra5 Rb8 20.Rd1 f6 21.exf6+ gxf6 22.Rd4 Bc6
23.Kf2 Ra8 24.Rxa8 Bxa8 25.Bd3 Rh5 26.h3 Bc6 27.Be2 Rc5 28.Rb4 d6 29.g3 h6
30.Ke3 Bd7 31.Bd3 Rh5 32.h4 Rc5 33.Rb3 e5 34.Ra3 exf4+ 35.Kxf4 Rd5 36.Be4 Rd2
37.Ra7 Kd8 38.Ra8+ Ke7 39.Ra7 Kd8 40.Ra8+ Ke7 41.Rh8 Rxb2 42.Rxh6 b4 43.Rh7+ Kd8
44.cxb4 Rxb4 45.Ke3 Rb3+ 46.Kf2 Rb2+ 47.Ke1 Rb3 48.Kf2 Rb2+ 49.Kg1 Rb4 50.Bg6 Rb3
51.Kf2 Rb2+ 52.Ke3 Rb3+ 53.Kf2  1/2-1/2

[Event "JUG-chT"]
[Site "Niksic"]
[Date "1997.??.??"]
[Round "11"]
[White "Mackic, Zoran"]
[Black "Ivanisevic, Ivan"]
[Result "1-0"]
[WhiteElo "2430"]
[BlackElo "2540"]

1.e4 c5 2.Nf3 e6 3.d4 cxd4 4.Nxd4 Nc6 5.Nc3 Qc7 6.g3 a6 7.Bg2 Nf6 8.O-O Bc5
9.Bf4 e5 10.Nb3 exf4 11.Nxc5 d6 12.Nd5 Qd8 13.Nd3 fxg3 14.fxg3 Ng4 15.h3 Nge5
16.Nxe5 Nxe5 17.Qd4 a5 18.Rf2 O-O 19.Rd1 Ra6 20.Nf4 Qg5 21.g4 Rc6 22.b3 b5
23.Qa7 h5 24.gxh5 Rc3 25.Kf1 Rg3 26.Qxa5 f5 27.Qxb5 fxe4 28.Qd5+ Rf7 29.Qxe4 Bb7
30.Nd5 Qxh5 31.Rd2 Rxh3 32.Rxf7 Qxf7+ 33.Rf2 Qd7 34.c4 Rh6 35.Qf5 Qd8 36.Qf4 Ng4
37.Qf7+ Kh8 38.Qf8+ Qxf8 39.Rxf8+ Kh7 40.Re8  1-0

[Event "JUG-chT"]
[Site "Niksic"]
[Date "1997.??.??"]
[Round "11"]
[White "Mitrovic, Petar"]
[Black "Vukic, Milan"]
[Result "1/2-1/2"]
[WhiteElo "2385"]
[BlackElo "2480"]

1.e4 c5 2.Nf3 e6 3.Nc3 Nc6 4.d4 cxd4 5.Nxd4 Nf6 6.Nb3 Bb4 7.Bd2 O-O 8.Bd3 d5
9.exd5 Nxd5 10.Nxd5 Qxd5 11.O-O Bxd2  1/2-1/2

[Event "JUG-ch52"]
[Site "Niksic"]
[Date "1997.??.??"]
[Round "15"]
[White "Marinkovic, Ivan"]
[Black "Ivanisevic, Ivan"]
[Result "1/2-1/2"]
[WhiteElo "2495"]
[BlackElo "2450"]

1.e4 c5 2.Nf3 e6 3.Nc3 Nc6 4.d4 cxd4 5.Nxd4 Nf6 6.g3 Qb6 7.Nb3 Bb4 8.Bg2 d5
9.O-O Bxc3 10.exd5 Nxd5 11.bxc3  1/2-1/2

[Event "After GP Mladi"]
[Site "Olomouc"]
[Date "1997.??.??"]
[Round "4"]
[White "Manik, Mikulas"]
[Black "Movsesian, Sergei"]
[Result "1/2-1/2"]
[WhiteElo "2465"]
[BlackElo "2555"]

1.e4 c5 2.Nf3 e6 3.d4 cxd4 4.Nxd4 Nc6 5.Nc3 Qc7 6.g3 a6 7.Be3 Nf6 8.Bg2 Be7
9.O-O O-O 10.f4 d6 11.Nxc6 bxc6 12.Na4 Bb7 13.c4 c5 14.Nc3 Nd7 15.Qd3 Rad8
16.Rfd1 Nb8 17.a3 Nc6 18.Rab1 Nd4 19.b4 Bf6 20.Ne2  1/2-1/2

[Event "RUS-chT"]
[Site "Orel"]
[Date "1997.??.??"]
[Round "?"]
[White "Frolov, Denis"]
[Black "Vorobiov, Evgeny E"]
[Result "1-0"]
[WhiteElo "2330"]
[BlackElo "2435"]

1.e4 c5 2.Nf3 e6 3.d4 cxd4 4.Nxd4 Nc6 5.Nc3 Qc7 6.Be3 a6 7.Bd3 Nf6 8.O-O Nxd4
9.Bxd4 Bc5 10.Bxc5 Qxc5 11.Re1 d6 12.Qd2 b5 13.Rad1 Bb7 14.Bf1 Ke7 15.g3 Rhd8
16.Bg2 Rac8 17.Re2 a5 18.Qe1 b4 19.Na4 Qc6 20.b3 e5 21.Nb2 Ba6 22.Red2 Bb5
23.Nd3 Qb6 24.Bh3 Nd7 25.Nxb4 axb4 26.Rxd6 Bc6 27.Qd2 Nf6 28.Bxc8 Rxc8 29.Rxf6 gxf6
30.Qd6+ Ke8 31.Qxf6 Qc7 32.Rd6 Bxe4 33.Qh8+ Ke7 34.Qxe5+ Kf8 35.Qh8+ Ke7
36.Qf6+ Kf8 37.Re6 Qc3 38.Qxc3 Rxc3 39.Rxe4 Rxc2 40.Rxb4 Rxa2 41.Rb8+ Kg7
42.Kg2 Rc2 43.b4 Rc3 44.b5 Rb3 45.b6 h6 46.g4 Kf6 47.h4 Ke5 48.b7 Kf4 49.g5 hxg5
50.h5  1-0

[Event "RUS-chT"]
[Site "Orel"]
[Date "1997.??.??"]
[Round "?"]
[White "Bondar, Ilya"]
[Black "Samarin, Igor"]
[Result "1/2-1/2"]
[WhiteElo "2280"]
[BlackElo "2395"]

1.e4 c5 2.Nf3 e6 3.d4 cxd4 4.Nxd4 Nc6 5.Nc3 a6 6.Be2 Qc7 7.O-O Nf6 8.Kh1 Be7
9.f4 d6 10.a4 O-O 11.Be3 Re8 12.Bf3 Bf8 13.Qd2 Na5 14.Qf2 Nc4 15.Bc1 e5 16.Nde2 d5
17.fxe5 Nxe5 18.Bf4 dxe4  1/2-1/2

[Event "RUS-chT"]
[Site "Orel"]
[Date "1997.??.??"]
[Round "?"]
[White "Tarasov, Igor"]
[Black "Poluljahov, Aleksandr"]
[Result "0-1"]
[WhiteElo "2350"]
[BlackElo "2510"]

1.e4 c5 2.Nf3 e6 3.d4 cxd4 4.Nxd4 Nc6 5.Nc3 Qc7 6.Be3 a6 7.Bd3 b5 8.O-O Bb7
9.f4 Bc5 10.Nf5 Qb6 11.Nxg7+ Kf8 12.Bxc5+ Qxc5+ 13.Kh1 Kxg7 14.e5 f5  0-1

[Event "RUS-chT"]
[Site "Orel"]
[Date "1997.??.??"]
[Round "?"]
[White "Nevostrujev, Vladimir"]
[Black "Bondar, Ilya"]
[Result "1-0"]
[WhiteElo "2410"]
[BlackElo "2280"]

1.e4 c5 2.Nf3 e6 3.d4 cxd4 4.Nxd4 Nc6 5.Nc3 Qc7 6.g3 a6 7.Bg2 Nf6 8.O-O Be7
9.Re1 d6 10.Nxc6 bxc6 11.e5 dxe5 12.Rxe5 Bb7 13.Bf4 Qc8 14.Na4 Nd7 15.Re2 c5
16.Rd2 Ra7 17.Qf1 Bc6 18.b3 O-O 19.Rad1 Nf6 20.Nb6 Qb7 21.Nc4 Bd5 22.Be5 h6
23.Bxf6 Bxg2 24.Qxg2 Qxg2+ 25.Kxg2 Bxf6 26.Rd7 Raa8 27.R1d3 Bd4 28.c3 Bf6
29.Kf3 g5 30.Ke2 Kg7 31.Kd2 g4 32.R3d6 Kg6 33.Kd3 h5 34.a4 h4 35.Rc6 Rfc8
36.Rxc8 Rxc8 37.Nd6 Rb8 38.Kc4  1-0

[Event "CZE-ch (Women)"]
[Site "Ostrava"]
[Date "1997.??.??"]
[Round "1"]
[White "Ptacnikova, Lenka"]
[Black "Muzikantova, Vladimira"]
[Result "1-0"]
[WhiteElo "2270"]
[BlackElo "2030"]

1.e4 c5 2.Nc3 Nc6 3.Nge2 e6 4.d4 cxd4 5.Nxd4 d6 6.Be3 Nf6 7.Qd2 Be7 8.f3 O-O
9.O-O-O a6 10.g4 Qc7 11.h4 Ne5 12.g5 Ne8 13.f4 Nc4 14.Bxc4 Qxc4 15.f5 b5
16.f6 Bd8 17.fxg7 Nxg7 18.g6 fxg6 19.h5 b4 20.Na4 e5 21.b3 Qc7 22.hxg6 exd4
23.Rxh7 Rf6 24.Bxd4 Rxg6 25.Qh2 Bg5+ 26.Kb1 Bb7 27.Rf1 Bh6 28.Rxh6 Rxh6 29.Qxh6 Rf8
30.Rxf8+  1-0

[Event "RUS-ch sf"]
[Site "Perm"]
[Date "1997.??.??"]
[Round "6"]
[White "Bezgodov, Alexei"]
[Black "Kalegin, Evgenij"]
[Result "1-0"]
[WhiteElo "2570"]
[BlackElo "2485"]

1.e4 c5 2.Nf3 e6 3.d4 cxd4 4.Nxd4 Nc6 5.Nc3 Qc7 6.Be2 a6 7.O-O Nf6 8.Be3 Be7
9.f4 d6 10.Qe1 O-O 11.Qg3 Nxd4 12.Bxd4 b5 13.a3 Bb7 14.Rad1 Bc6 15.b4 Qb7
16.Bf3 a5 17.Rd3 axb4 18.axb4 Kh8 19.e5 dxe5 20.fxe5 Ng8 21.Qf4 f5 22.exf6 Bxf6
23.Bc5 Be7 24.Qe5 Bxf3 25.Rdxf3 Rxf3 26.Rxf3 Ra1+ 27.Rf1 Rxf1+ 28.Kxf1 Bf6
29.Qe4 Qd7 30.Ne2 h6 31.Nf4 Qd1+ 32.Kf2 Qd2+ 33.Kf3 g5 34.Nxe6 h5 35.Bd4 g4+
36.Kg3 Qh6 37.Be3 Qh7 38.Qxh7+ Kxh7 39.Kf4 Ne7 40.Bd4 Kg6 41.Ke4 Nc6 42.Nf4+ Kf7
43.Bxf6 Kxf6 44.c3 h4 45.Nd3 Kg5 46.Nf4 Na7 47.Ne6+ Kf6 48.Nd4 Kg5 49.Ke5 h3
50.g3 Nc8 51.Nxb5 Nb6 52.Nd6 Na4 53.b5  1-0

[Event "RUS-ch sf"]
[Site "Perm"]
[Date "1997.??.??"]
[Round "9"]
[White "Meister, Yakov"]
[Black "Kalegin, Evgenij"]
[Result "1-0"]
[WhiteElo "2470"]
[BlackElo "2485"]

1.e4 c5 2.Nf3 e6 3.d4 cxd4 4.Nxd4 Nc6 5.Nc3 Qc7 6.g3 a6 7.Bg2 Nf6 8.O-O Nxd4
9.Qxd4 Bc5 10.Bf4 d6 11.Qd2 h6 12.Na4 e5 13.Be3 Bxe3 14.Qxe3 b5 15.Nb6 Rb8
16.Nxc8 Rxc8 17.c3 O-O 18.Rfd1 Rb8 19.Rd3 Rfd8 20.Rad1 Rb6 21.Qd2 a5 22.a3 b4
23.cxb4 axb4 24.a4 b3 25.Rc3 Qb8 26.Rc4 Qa8 27.Ra1 Rc8 28.Rxc8+ Qxc8 29.a5 Rc6
30.Qe3 Ng4 31.Qxb3 d5 32.h3 Rc1+ 33.Rxc1 Qxc1+ 34.Bf1 Nh2 35.Qb5 Nf3+ 36.Kg2 dxe4
37.a6 Ne1+ 38.Kh1 Nd3 39.Kg1 Qc2 40.Qe8+ Kh7 41.Qxf7 Ne1 42.Qf5+ Kg8 43.a7  1-0

[Event "RUS-ch sf"]
[Site "Perm"]
[Date "1997.??.??"]
[Round "11"]
[White "Bezgodov, Alexei"]
[Black "Meister, Yakov"]
[Result "1/2-1/2"]
[WhiteElo "2570"]
[BlackElo "2470"]

1.e4 c5 2.Nf3 e6 3.d4 cxd4 4.Nxd4 Nc6 5.Nc3 Nf6 6.Ndb5 d6 7.Bf4 e5 8.Bg5 a6
9.Na3 b5 10.Nd5 Be7 11.Bxf6 Bxf6 12.c3 O-O 13.Nc2 Bb7 14.Qf3 Bg5 15.h4 Bh6
16.g4 f6 17.Rd1 Ne7 18.Nxe7+ Qxe7 19.Nb4 Rac8 20.Nd5 Qd8 21.Bd3 Rc5 22.Bc2 a5
23.a3 Kh8 24.Bb3 Bc8 25.Kf1 Be6 26.Bc2 Kg8 27.Rh2 Bxd5 28.exd5 Bf4 29.Rh3 Qd7
30.Bf5 Qb7 31.h5 b4 32.cxb4 axb4 33.Qd3 Rb8 34.axb4 Qxb4 35.b3 Ra8 36.Bxh7+ Kh8
37.h6 Bxh6 38.Be4 Qb5 39.Qxb5 Rxb5 40.Rc3 Kg8 41.Bf5 Kf8 42.Rc6 Rxb3 43.Rxd6 Rb2
44.Rc6 Raa2  1/2-1/2

[Event "Plzen KB opJ-C"]
[Site "Plzen"]
[Date "1997.??.??"]
[Round "8"]
[White "Szarowski, D."]
[Black "Markov, Jurij"]
[Result "0-1"]
[WhiteElo "1905"]
[BlackElo "2415"]

1.e4 c5 2.Nf3 e6 3.d4 cxd4 4.Nxd4 Nc6 5.Nc3 Nf6 6.Ndb5 d6 7.Bg5 a6 8.Bxf6 gxf6
9.Nd4 Qb6 10.Nb3 h5 11.Be2 h4 12.h3 Bd7 13.O-O Rc8 14.a4 Na5 15.Qd4 Qxd4
16.Nxd4 Bh6 17.Rad1 Bf4 18.Nf3 Ke7 19.Rd4 Be5 20.Nxe5 fxe5 21.Rb4 Kd8 22.f4 Ke7
23.f5 Rc6 24.Bg4 Rhc8 25.fxe6 fxe6 26.Bh5 Rf8 27.Rxf8 Kxf8 28.Kf2 Ke7 29.Ke2 Rc8
30.Kd3 Rg8 31.Bf3 Kd8 32.Nd1 Kc7 33.Ne3 Nc6 34.Rc4 Kd8 35.Ke2 Nd4+ 36.Kf2 Bc6
37.c3 Nb3 38.Rb4 Nc5 39.Ke2 Bxa4 40.Kd2 Bc6 41.Nc4 Kc7 42.Na5 b6 43.Nxc6 Kxc6
44.c4 Rf8 45.Ke2 Rf4 46.Ke3 Kc7 47.b3 Kc6 48.Kd2 a5 49.Rb5 Na6 50.Ke3 Nc7
51.Bh5 Nxb5 52.Be8+ Kc5 53.Bxb5 Kb4 54.Ba4 Kc3 55.Bd7 Kxb3 56.Bxe6 Kc3  0-1

[Event "Polanica Zdroj op"]
[Site "Polanica Zdroj"]
[Date "1997.??.??"]
[Round "4"]
[White "Purtov, Andrei"]
[Black "Gdanski, Jacek"]
[Result "1-0"]
[WhiteElo "2455"]
[BlackElo "2505"]

1.e4 c5 2.Nc3 Nc6 3.Nge2 e6 4.d4 cxd4 5.Nxd4 Qc7 6.Be3 a6 7.Nb3 Nf6 8.f4 Bb4
9.Bd3 O-O 10.O-O Bxc3 11.bxc3 d6 12.c4 b6 13.Kh1 Bb7 14.Qe1 Nb8 15.Bd4 e5
16.Bb2 Nbd7 17.Qe2 Rfe8 18.f5 Nc5 19.Nxc5 Qxc5 20.Rae1 Rec8 21.Bc1 b5 22.cxb5 axb5
23.Bg5 Rxa2 24.Rb1 b4 25.Bxf6 gxf6 26.Qd2 Ba6 27.Qh6 Rxc2 28.Bxa6 Rc6 29.Bb7 Rc7
30.Bd5 Rf2 31.Qxf6 Rxf1+ 32.Rxf1 b3 33.Qd8+ Kg7 34.f6+  1-0

[Event "ESP-chT"]
[Site "Ponferrada"]
[Date "1997.??.??"]
[Round "3"]
[White "Mitkov, Nikola"]
[Black "Cramling, Pia"]
[Result "1/2-1/2"]
[WhiteElo "2455"]
[BlackElo "2520"]

1.e4 c5 2.Nf3 e6 3.Nc3 Nc6 4.d4 cxd4 5.Nxd4 Qc7 6.Be3 a6 7.Bd3 Nf6 8.O-O Ne5
9.h3 Bc5 10.f4 Nc6 11.Nf5 Bxe3+ 12.Nxe3 d6 13.a3 b6 14.Qe2 Bb7 15.Rad1 O-O
16.Qf2 Rad8 17.Rde1 b5 18.Qh4 h6 19.Rf3 Kh8 20.Ng4 Ng8 21.f5 Nd4 22.Rf2 Qc5
23.Kh1 Bc8 24.Ref1 f6 25.Qg3 e5 26.Nd5 Qa7 27.c3 Nc6 28.Bb1 Nge7 29.Nge3 a5
30.b4 Bb7 31.Nc7 Bc8 32.Ncd5 Bb7 33.Rd1 Rd7 34.Rfd2 Nc8 35.Ba2 Ba8 36.Bb3 Qb8
37.Qh4 N8e7 38.Ng4 Ng8 39.Kh2 Ra7 40.Rd3 axb4 41.axb4 Ra3 42.Bc2 Qa7 43.Nde3 Nce7
44.Rxd6 Rxc3 45.Rd8 Rxd8 46.Rxd8 Kh7 47.Qe1 Rc8 48.Rd6 Qc7 49.Qd2  1/2-1/2

[Event "ESP-chT"]
[Site "Ponferrada"]
[Date "1997.??.??"]
[Round "5"]
[White "Mitkov, Nikola"]
[Black "Illescas Cordoba, Miguel"]
[Result "0-1"]
[WhiteElo "2455"]
[BlackElo "2585"]

1.e4 c5 2.Nf3 Nc6 3.Nc3 e6 4.d4 cxd4 5.Nxd4 Nf6 6.Be3 Bb4 7.Bd3 d5 8.Nxc6 bxc6
9.e5 Nd7 10.Qg4 Bf8 11.f4 Rb8 12.Nd1 Qa5+ 13.Bd2 Qb6 14.Qg3 Nc5 15.b3 Nxd3+
16.cxd3 Ba6 17.Rc1 f5 18.Rc2 Kf7 19.Qe3 Qxe3+ 20.Nxe3 c5 21.Ke2 Be7 22.Rhc1 Rhc8
23.g3 h6 24.Be1 g5 25.Ng2 c4 26.dxc4 dxc4 27.bxc4 Ba3 28.Rd1 Rxc4 29.Rxc4 Bxc4+
30.Kf2 Bc5+ 31.Ne3 Rb2+ 32.Rd2 Rb1  0-1

[Event "ESP-chT"]
[Site "Ponferrada"]
[Date "1997.??.??"]
[Round "9"]
[White "Rivera Kuzawka, Daniel"]
[Black "Teran Alvarez, Ismael"]
[Result "1/2-1/2"]
[WhiteElo "2370"]
[BlackElo "2350"]

1.e4 c5 2.Nf3 Nc6 3.Nc3 e6 4.d4 cxd4 5.Nxd4 Qc7 6.Be2 a6 7.O-O Nf6 8.Kh1 Nxd4
9.Qxd4 Bc5 10.Bf4 Bxd4 11.Bxc7 Bxc3 12.bxc3 Nxe4 13.c4 d5 14.cxd5 exd5 15.f3 Nf6
16.Bd3 O-O 17.g4 Be6 18.a4 Rac8 19.Ba5 Rc6 20.Rab1 Bc8 21.Rfe1 Re6 22.Rxe6 fxe6
23.c4 Nd7 24.cxd5 exd5 25.Kg2 Ne5 26.Be2 Nc6 27.Bb6 Rf4 28.Bd1 a5 29.Be3 Rf7
30.Bb3 Be6 31.Rd1 Rd7 32.f4 Bf7 33.Bb6 Kf8 34.Bc5+ Kg8 35.Re1 h5 36.g5 Bg6
37.Re6 Bf5 38.Re1 Kh7 39.Bb6 Be4+ 40.Kg3 Kg6 41.Bd1 Rf7 42.Be2 Rf8 43.Bb5 Ne7
44.Bxa5 Nf5+ 45.Kf2 Nd4 46.Bc7 Rc8 47.f5+ Nxf5 48.Bf4 Nd4 49.Rd1 Rf8 50.Be8+ Kf5
51.Bd6 Rxe8 52.Rxd4 Kxg5 53.Rb4 Re6 54.Bc7 Rf6+ 55.Ke2 Re6 56.a5 Rc6 57.Be5 g6
58.Rxb7 Rc2+ 59.Ke3 Kf5 60.Re7 Ra2 61.Bc7 Ra4 62.Rf7+ Ke6 63.Rf2 g5 64.Bd8 g4
65.Rb2 Bf3 66.Rd2 Be4 67.Bb6 h4 68.Kf4 Bf3+ 69.Ke3 Be4 70.Kf4 Bf3+ 71.Ke3 Kf5
72.Bd8 h3 73.Bc7 Bg2 74.Rd4 Ra3+ 75.Rd3 Ra1 76.Rd2 Rc1 77.Rf2+ Bf3 78.Bg3 Rc3+
79.Kd4 Rc4+ 80.Kd3 Ra4 81.Bc7 Ke6 82.Rb2 Ra3+ 83.Kd4 Be4 84.Rf2 Rd3+ 85.Kc5 Bg2  1/2-1/2

[Event "POL-ch sf"]
[Site "Poraj "]
[Date "1997.??.??"]
[Round "7"]
[White "Szelag, Marcin"]
[Black "Hnydiuk, Aleksander"]
[Result "0-1"]
[WhiteElo "2245"]
[BlackElo "2360"]

1.e4 c5 2.Nf3 e6 3.d4 cxd4 4.Nxd4 Nc6 5.Nc3 Qc7 6.Be2 Nf6 7.O-O Be7 8.Be3 a6
9.f4 d6 10.Qe1 O-O 11.Qg3 Nxd4 12.Bxd4 b5 13.a3 Bb7 14.Kh1 Bc6 15.Rae1 Rab8
16.e5 Ne8 17.Bd3 g6 18.Re3 Ng7 19.Qh3 f6 20.Qh6 Rf7 21.Bxg6 hxg6 22.Rh3 Nh5
23.exf6 Bxf6 24.Bxf6 Rxf6 25.Rxh5 Qg7 26.Qxg7+ Kxg7 27.Rh3 b4 28.Nd1 e5 29.Kg1 exf4
30.Kf2 Be4 31.c3 bxa3 32.bxa3 Rb3 33.Re1 d5 34.c4 Rxh3 35.gxh3 Rc6 36.cxd5 Bxd5
37.Re2 Kf6 38.Rd2 Be4 39.Nb2 Rc3 40.Rd6+ Kf5 41.Na4 Rxa3 42.Nc5 a5 43.Nxe4 Kxe4
44.Rxg6 Ra2+ 45.Ke1 Rxh2 46.Ra6 Ra2 47.h4 Ke3 48.Re6+ Kf3 49.h5 Rh2 50.Re5 a4
51.Ra5 Rh1+ 52.Kd2 Kg3 53.Rxa4 f3 54.Ra3 Kg2 55.Ke3 f2 56.Ra2 Rh3+ 57.Kf4 Rxh5
58.Kg4 Rh8 59.Rb2 Kg1  0-1

[Event "Porto San Giorgio op"]
[Site "Porto San Giorgio"]
[Date "1997.??.??"]
[Round "6"]
[White "Palac, Mladen"]
[Black "Borgo, Giulio"]
[Result "1/2-1/2"]
[WhiteElo "2575"]
[BlackElo "2370"]

1.e4 c5 2.Nf3 e6 3.d4 cxd4 4.Nxd4 Nc6 5.Nc3 Qc7 6.Be2 a6 7.O-O Nf6 8.Be3 Bb4
9.Na4 O-O 10.Nxc6 bxc6 11.f4 d5 12.e5 Nd7 13.c4 Be7 14.Rc1 Qd8 15.cxd5 cxd5
16.Bd3 g6 17.Rf2 Rb8 18.Rfc2 Bb7 19.Rc7 d4 20.Bf2 Bd5 21.b3 f6 22.Bc4 Bxc4
23.R7xc4 fxe5 24.fxe5 Bg5 25.R1c2 d3 26.Qxd3 Nxe5 27.Qxd8 Rbxd8 28.Rd4 Nd3
29.Rxd8 Rxd8 30.g3 e5 31.Bb6 Rd6 32.Rc8+ Kf7 33.h4 Be7 34.Rc7 Ke6 35.Be3 h5
36.Nc3 Bd8 37.Ra7 Kf5 38.Kf1 Kg4 39.Ne4 Rc6 40.Rd7 Ba5 41.Ke2 Nc1+ 42.Bxc1 Rxc1
43.Rd5 Re1+ 44.Kd3 Bb6 45.Rxe5 Re3+ 46.Kc4 Kf3 47.Kd5 Bc7 48.Re6 Bxg3 49.Rf6+ Bf4
50.Nc5 Re5+ 51.Kc4 a5 52.Ne6 Ke3 53.Rxg6 Re4+ 54.Kb5 Be5 55.Ng5 Rb4+ 56.Kxa5 Bc3
57.Ka6 Rxh4 58.Rc6 Kd3 59.Nf3 Rf4 60.Ne5+ Kc2 61.Nc4 Rf6  1/2-1/2

[Event "Portoroz op"]
[Site "Portoroz"]
[Date "1997.??.??"]
[Round "?"]
[White "Ilijin, Neboisa"]
[Black "Kragelj, Igor"]
[Result "1/2-1/2"]
[WhiteElo "2290"]
[BlackElo "2250"]

1.e4 c5 2.Nf3 Nc6 3.d4 cxd4 4.Nxd4 e6 5.Nc3 Qc7 6.Be2 a6 7.O-O Nf6 8.Kh1 Be7
9.f4 d6 10.Be3 O-O 11.a4 Re8 12.Bf3 Rb8 13.Qe2 Bf8 14.Rad1 Nd7 15.Qf2 Nxd4
16.Bxd4 b5 17.axb5 axb5 18.f5 Ne5 19.fxe6 Bxe6  1/2-1/2

[Event "CZE-ch U20"]
[Site "Prague"]
[Date "1997.??.??"]
[Round "8"]
[White "Simacek, Pavel"]
[Black "Novak, Pavel"]
[Result "1-0"]
[WhiteElo "2255"]
[BlackElo "2215"]

1.e4 c5 2.Nf3 e6 3.d4 cxd4 4.Nxd4 Nc6 5.Nc3 Qc7 6.g3 a6 7.Bg2 Nf6 8.O-O Bc5
9.Bf4 e5 10.Nb3 exf4 11.Nxc5 fxg3 12.fxg3 Ne5 13.Qd4 d6 14.N5a4 Be6 15.Nb6 Rd8
16.Ncd5 Bxd5 17.exd5 h5 18.c4 h4 19.b4 hxg3 20.hxg3 Nfg4 21.Rf4 f5 22.Rxf5 g6
23.Rf4 Qh7 24.Rxg4 Nxg4 25.Re1+ Ne5 26.Rxe5+ dxe5 27.Qxe5+ Kf8 28.d6 Qh2+
29.Kf1 Kg8 30.Nd7 Rxd7 31.Qe8+ Kg7 32.Qxd7+ Kh6 33.Qh3+ Qxh3 34.Bxh3 Rd8
35.c5 Kg5 36.Ke2 Kf6 37.Bg2 Rd7 38.Kd3 Ke5 39.Kc4 Rg7 40.a4 g5 41.Bxb7  1-0

[Event "CZE-ch U20"]
[Site "Prague"]
[Date "1997.??.??"]
[Round "11"]
[White "Kalod, Radek"]
[Black "Kubala, Petr"]
[Result "1-0"]
[WhiteElo "2455"]
[BlackElo "2305"]

1.e4 c5 2.Nf3 e6 3.d4 cxd4 4.Nxd4 Nc6 5.Nc3 Qc7 6.Be3 a6 7.Bd3 Nf6 8.O-O Ne5
9.h3 Bc5 10.Kh1 d6 11.f4 Ng6 12.Qd2 O-O 13.Nb3 Bxe3 14.Qxe3 e5 15.fxe5 dxe5
16.Rxf6 gxf6 17.Nd5 Qd8 18.Rf1 Be6 19.Nxf6+ Kg7 20.h4 Rh8 21.Nc5 Nf4 22.Qg3+ Kf8
23.Nxe6+ fxe6 24.Qg5 Qc7 25.Ng4 Ke8 26.Nxe5 Ng6 27.Ng4 Qe7 28.Nf6+ Kd8 29.h5 Nf8
30.h6 Nd7 31.e5 Rf8 32.Be4 Kc8 33.Rf3 Ra7 34.Nxh7 Qxg5 35.Nxg5 Rh8 36.Nf7 Nxe5
37.Nxh8 Nxf3 38.gxf3 b6 39.h7 Rg7 40.Nf7  1-0

[Event "SVK-ch"]
[Site "Presov"]
[Date "1997.??.??"]
[Round "2"]
[White "Hagarova, Zuzana"]
[Black "Hlinka, Vasil"]
[Result "1/2-1/2"]
[WhiteElo "2275"]
[BlackElo "2070"]

1.e4 c5 2.Nf3 Nc6 3.Nc3 e6 4.d4 cxd4 5.Nxd4 Nf6 6.Ndb5 d6 7.Bf4 e5 8.Bg5 a6
9.Na3 b5 10.Bxf6 gxf6 11.Nd5 f5 12.Bd3 Be6 13.Qh5 Bg7 14.O-O f4 15.g3 Bxd5
16.exd5 Ne7 17.Be4 Ng6 18.c3 O-O 19.Nc2 Qc8 20.Bf5 Qc5 21.Rad1 h6 22.Rfe1 Ne7
23.gxf4 Nxf5 24.Qxf5 Rae8 25.Re3 exf4 26.Qxf4 Qc4 27.Qxc4 bxc4 28.Na3 Rxe3
29.fxe3 Rc8 30.e4 Be5 31.h3 Kg7 32.Rf1 f6 33.Rf2 h5 34.Nc2 a5 35.Ne3 Rc7
36.Rg2+ Kh7 37.Kf1 a4 38.a3 Rc8 39.Ke2 Rc7 40.Nf5 Rb7 41.Ke3 Rc7 42.Nd4 Rb7
43.Ne6 Rb8 44.Nd4 Rb7 45.Nf5 Rb8 46.Kf3 Rb7 47.Ne3 Rc7 48.Ke2 Rc8 49.Kd2 Bf4
50.Rf2 Be5 51.Kc2 Rc7 52.Rg2 Bf4 53.Nf5 Be5 54.Nd4 Rb7 55.Ne6 Rf7 56.Rf2 Rb7
57.Rf5 Kh6 58.h4 Kg6 59.Rf1 Kh7  1/2-1/2

[Event "EU-chT (Men)"]
[Site "Pula"]
[Date "1997.??.??"]
[Round "1"]
[White "Kotronias, Vasilios"]
[Black "Cummings, David H"]
[Result "1-0"]
[WhiteElo "2590"]
[BlackElo "2375"]

1.e4 c5 2.Nf3 e6 3.d4 cxd4 4.Nxd4 Nc6 5.Nc3 Qc7 6.Be3 a6 7.Bd3 Nf6 8.O-O Nxd4
9.Bxd4 Bc5 10.Bxc5 Qxc5 11.Kh1 b5 12.a3 Bb7 13.f4 b4 14.axb4 Qxb4 15.Qe1 O-O
16.e5 Ne8 17.f5 f6 18.Ra4 Qxb2 19.fxe6 dxe6 20.Qe3 f5 21.Bc4 Bc6 22.Bxe6+ Kh8
23.Rc4 Qb7 24.Rxc6 Qxc6 25.Bd5 Qc8 26.Bxa8 Qxa8 27.Qc5 Rg8 28.Nd5 g6 29.e6 Qb7
30.Re1 Qg7 31.e7 h6 32.Qb6 Qf7 33.c4 Kh7 34.Qxa6 f4 35.Qe6 Qxe6 36.Rxe6 Kg7
37.Nxf4 Kf7 38.Re1 g5 39.Nd5 Rg6 40.Rf1+ Ke6 41.g4 Kd6 42.Rf8 Kd7 43.Kg2 Rc6
44.Rh8 Re6 45.Rxe8 Kxe8 46.Nc7+ Kxe7 47.Nxe6 Kxe6 48.Kf3  1-0

[Event "EU-chT (Men)"]
[Site "Pula"]
[Date "1997.??.??"]
[Round "3"]
[White "Upton, Timothy J"]
[Black "Daly, Colm"]
[Result "0-1"]
[WhiteElo "2285"]
[BlackElo "2310"]

1.e4 c5 2.Nf3 e6 3.d4 cxd4 4.Nxd4 Nc6 5.Nc3 d6 6.Be2 Nf6 7.O-O Be7 8.Be3 O-O
9.f4 Bd7 10.Qe1 Nxd4 11.Bxd4 Bc6 12.Qg3 g6 13.Bd3 Nh5 14.Qf2 Nxf4 15.Qxf4 e5
16.Qf2 exd4 17.Qxd4 Qa5 18.Nd5 Bxd5 19.Qxd5 Qxd5 20.exd5 Kg7 21.Rae1 Bf6
22.Re4 Rae8 23.Rfe1 Rxe4 24.Rxe4 Bxb2 25.Rb4 Ba3 26.Rxb7 Re8 27.Kf1 Bc5 28.Rb3 Re5
29.c4 h5 30.Be2 f5 31.g3 Re4 32.Rf3 Kf6 33.Ke1 g5 34.Kd2 g4 35.Rf1 Kg5 36.Bd3 Re5
37.Kd1 Be3 38.Be2 h4 39.Bd3 f4 40.gxf4+ Bxf4 41.Rf2 Re3 42.Be2 Rc3 43.Ke1 g3
44.Rg2 h3  0-1